Las reglas del método sociológico
Saved in:
| Main Author: | |
|---|---|
| Format: | Book |
| Language: | Spanish |
| Published: |
Ciudad de México, México
Fondo de Cultura Económica
1986
|
| Series: | Colección Cuadernos de la Gaceta, 30
|
| Subjects: | |
| Online Access: | Disponible Online |
| Tags: |
Add Tag
No Tags, Be the first to tag this record!
|
MARC
| LEADER | 00000nam a2200000 a 4500 | ||
|---|---|---|---|
| 001 | UCJ2892 | ||
| 003 | CL-VaPUC | ||
| 005 | 20241205083522.0 | ||
| 008 | 070119e19860000MX |||||||||||||||||spa|d | ||
| 999 | |c 319021 |d 319019 | ||
| 020 | |a 9681624459 | ||
| 040 | |c Pontificia Universidad Católica de Valparaíso | ||
| 082 | 0 | 4 | |a 301.045 DUR 1986 |b |2 21 |
| 100 | 0 | |a Durkheim, Emile |e author |9 314700 | |
| 245 | 1 | 4 | |a Las reglas del método sociológico |
| 260 | |a Ciudad de México, México |b Fondo de Cultura Económica |c 1986 | ||
| 300 | |a 205 páginas | ||
| 490 | 0 | |a Colección Cuadernos de la Gaceta, 30 | |
| 500 | |a Donación de la Dra. Marianne Peronard Thierry | ||
| 583 | |a last modification |c 20070119 00:00:00 |k Rodrigo Vera | ||
| 650 | 0 | |a Sociología |9 255410 | |
| 650 | 0 | |a Ciencias sociales |9 256351 | |
| 650 | 0 | |a Método científico |9 337193 | |
| 856 | |u https://bibliografiadigital.pucv.cl/index.php/bibliotecapucv/catalog/book/23 |y Disponible Online | ||
| 942 | |c BK |2 ddc | ||
| 945 | |d 20070119 00:00:00 |a jtorresc | ||
| 952 | |0 0 |1 0 |4 0 |6 301_045000000000000_DUR_1986 |7 0 |8 A |9 397251 |a FDOPOS |b FDOPOS |d 2019-11-22 |i 4318706 |o 301.045 DUR 1986 |p 4318706 |r 2025-01-22 |w 2019-11-22 |y BK |k MLA | ||
| 952 | |0 0 |1 0 |4 0 |6 301_045000000000000_DUR_1986 |7 0 |8 A |9 397252 |a BIBGIM |b BIBGIM |d 2019-11-22 |i 4610008 |l 1 |o 301.045 DUR 1986 |p 4610008 |r 2025-01-15 |s 2024-09-27 |w 2019-11-22 |y BK |k MTS | ||
| 952 | |0 0 |1 0 |4 0 |6 301_045000000000000_DUR_1986 |7 0 |8 A |9 397253 |a BIBGIM |b BIBGIM |d 2019-11-22 |i 4610016 |o 301.045 DUR 1986 |p 4610016 |r 2025-01-15 |w 2019-11-22 |y BK |k MTS | ||